000 00601cam a22002291 4500
001 sa 66005970
003 DLC
005 20260227112252.0
008 820918s1965 ii 000 0ceng
010 _asa 66005970
035 _a(OCoLC)8786528
040 _aDLC
_cMoU
_dDLC
042 _apremarc
050 0 0 _aDS434
_b.K8 1965
100 1 _aKulkarni, V. B.
245 1 0 _aHeroes who made history,
_cby V.B. Kulkarni.
250 _a[2d ed.]
260 _aBombay,
_bBharatiya Vidya Bhavan,
_c1965.
300 _a211 p.
440 0 _aBhavan's book university,
_v130
651 0 _aIndia
_vBiography.
999 _c70226
_d70226